Problems in differential equations
Sábháilte in:
| Príomhchruthaitheoir: | |
|---|---|
| Formáid: | LEABHAR |
| Teanga: | Béarla |
| Foilsithe / Cruthaithe: |
San Francisco
W. H. Freeman and Company
1966
|
| Eagrán: | 2a. ed |
| Sraith: | A Series Books in Mathematics
|
| Ábhair: | |
| Clibeanna: |
Cuir clib leis
Níl clibeanna ann, Bí ar an gcéad duine le clib a chur leis an taifead seo!
|
MARC
| LEADER | 00000cam a2200000 a 4500 | ||
|---|---|---|---|
| 001 | UCF2441 | ||
| 003 | CL-VaPUC | ||
| 008 | 120824e19660000US |||||||||||||||||eng|d | ||
| 082 | 0 | 4 | |a 515.3 |b BRE |2 21 |
| 100 | 0 | |a Brenner, J. L |e author |9 564082 | |
| 245 | 1 | 0 | |a Problems in differential equations |
| 250 | |a 2a. ed | ||
| 300 | |a 172 p | ||
| 942 | |c BK | ||
| 945 | |d 20120824 00:00:00 |a dcastane | ||
| 260 | |a San Francisco |b W. H. Freeman and Company |c 1966 | ||
| 650 | 0 | |a Ecuaciones diferenciales |9 260083 | |
| 583 | |a last modification |c 20120824 12:41:00 |k Rodrigo Vera | ||
| 490 | 0 | |a A Series Books in Mathematics | |
| 999 | |c 349004 |d 349002 | ||
| 952 | |0 0 |1 0 |4 0 |6 515_300000000000000_BRE_1966 |7 0 |8 A |9 451377 |a BIBMAT |b BIBMAT |d 2019-11-22 |i 4889355 |o 515.3 BRE 1966 |p 4889355 |r 2025-01-07 |w 2019-11-22 |y BK |k MAT | ||